000 01247nam1a2200301 4500
001 RU\NLR\bibl\1291095
005 20260408202753.0
035 _a(NLR Aleph) 001276775
090 _a473600
_c473600
100 _a20260118 rusy50
101 0 _arus
102 _aRU
105 _a||||c |||||
200 1 _aСтолица и усадьба
_eхронологическая роспись содержания
_e[аннотированный хронологический указатель содержания журнала "Столица и усадьба"]
_fсост. Ф.М. Лурье
210 _aСанкт-Петербург
_cКоло
_d2008
215 _d21
463 0 _10011252422
601 0 2 _a"Столица и усадьба", журнал
_c1913 - 1917; Петроград, город
_xУказатели содержания
_3RU\NLR\auth\661514237
_92559730
686 _aЯ172(28)122
686 _aЧ612.4(28)72
702 1 _4220
_8rus
_7ca
_aЛурье
_bФ.М.
_f1931-
_gФеликс Моисеевич
_3RU\NLR\auth\7714021
_9123699
801 0 _aRU
_bNLR
_c20081101
_gRCR
801 1 _aRU
_bNLR
_c20081101
830 _aРГ К.Т.
852 _aNLR
_jС 2008-2/352
942 _cBOOK
980 _aNB